|
|
|
|
| LEADER |
00000nas a2200000 i 4500 |
| 001 |
ssj0001072974 |
| 003 |
WaSeSS |
| 005 |
20200512172242.0 |
| 006 |
m d |
| 007 |
cr n |
| 008 |
131219c20129999enkt| p|s|||||| |0eng d |
| 022 |
|
|
|a 2046-6862
|l 2046-6854
|y 2046-6854
|
| 035 |
|
|
|a (WaSeSS)ssj0001072974
|
| 040 |
|
|
|a WaSeSS
|b eng
|c WaSeSS
|d WaSeSS
|
| 050 |
1 |
4 |
|a LB1731.4
|
| 222 |
|
0 |
|a International journal of mentoring and coaching in education
|b (Online)
|
| 245 |
0 |
0 |
|a International journal of mentoring and coaching in education
|h [electronic resource].
|
| 246 |
1 |
3 |
|a IJMCE
|
| 260 |
|
|
|a Bingley, England :
|b Emerald Group Publishing,
|c 2012-
|
| 310 |
|
|
|a Three times a year
|
| 362 |
1 |
|
|a Began with Volume 1 (1) (2012).
|
| 506 |
|
|
|a License restrictions may limit access.
|
| 588 |
|
|
|a Description based on: Volume 1 (1) (2012); title from article pdf (ProQuest, viewed Dec. 18, 2013).
|
| 588 |
|
|
|a Latest issue consulted: Volume 2 (3) (2013) (viewed Dec. 18, 2013).
|
| 650 |
|
0 |
|a Mentoring in education
|v Periodicals.
|
| 650 |
|
0 |
|a Teachers
|x In-service training
|v Periodicals.
|
| 650 |
|
0 |
|a Teachers
|x Training of
|v Periodicals.
|
| 650 |
|
0 |
|a Educational leadership
|v Periodicals.
|
| 655 |
|
0 |
|a Electronic journals.
|
| 776 |
0 |
8 |
|i Print version:
|t International journal of mentoring and coaching in education
|x 2046-6854
|
| 856 |
4 |
0 |
|z Full text available from Research Library: 01/01/2012 to 1 year ago
|u https://search.proquest.com/publication/1396349
|